Gibt es dieses Dreiländereck? - Statistiken

Allgemein
  • Dieses Quiz wurde 177 mal gespielt
  • Das Durchschnittsergebnis liegt bei 9 aus 14
Antwortstatistiken
Hint Antwort % Korrekt
Finnland - Norwegen - Schweden Ja
83%
Belize - Guatemala - Mexiko Ja
72%
Albanien - Bulgarien - Griechenland Nein
70%
Kolumbien - Peru - Venezuela Nein
69%
D.R. Kongo - Ruanda - Uganda Ja
68%
Irak - Kuwait - Saudi-Arabien Ja
68%
Brasilien - Paraguay - Uruguay Nein
67%
Bangladesch - Indien - Myanmar Ja
63%
Belarus - Lettland - Russland Ja
62%
Benin - Niger - Nigeria Ja
61%
Brunei - Indonesien - Malaysia Nein
59%
Elfenbeinküste - Mali - Sierra Leone Nein
59%
Iran - Syrien - Türkei Nein
51%
Belgien - Deutschland - Frankreich Nein
34%
Keine übereinstimmenden Quizze gefunden
Verteilung der Resultate
Anzahl Personen mit jedem Resultat
Perzentil nach korrekt beantworteten Fragen
Ihre Resultats-Entwicklung
Sie haben dieses Quiz noch nicht gespielt